USDA Forest Service Research & Development 2012-2013 Invasive species (Record no. 34724)

MARC details
000 -LEADER
fixed length control field 00403nam a22001577a 4500
003 - CONTROL NUMBER IDENTIFIER
control field OSt
005 - DATE AND TIME OF LATEST TRANSACTION
control field 20220413142054.0
008 - FIXED-LENGTH DATA ELEMENTS--GENERAL INFORMATION
fixed length control field 220413b |||||||| |||| 00| 0 eng d
040 ## - CATALOGING SOURCE
Transcribing agency HU
082 ## - DEWEY DECIMAL CLASSIFICATION NUMBER
Classification number 577.18USD2013
100 ## - MAIN ENTRY--PERSONAL NAME
Personal name
9 (RLIN) 35818
245 ## - TITLE STATEMENT
Title USDA Forest Service Research & Development 2012-2013 Invasive species
260 ## - PUBLICATION, DISTRIBUTION, ETC.
Date of publication, distribution, etc. 2013
300 ## - PHYSICAL DESCRIPTION
Extent vii,169P
Other physical details PC
Dimensions 30cm
942 ## - ADDED ENTRY ELEMENTS (KOHA)
Source of classification or shelving scheme Dewey Decimal Classification
Koha item type Books like text book referance book
Suppress in OPAC No
Holdings
Withdrawn status Lost status Source of classification or shelving scheme Damaged status Not for loan Collection code Home library Current library Shelving location Date acquired Total Checkouts Full call number Barcode Date last seen Copy number Price effective from Koha item type
    Dewey Decimal Classification     Reference Wondo Genet Library Wondo Genet Library General Stacks 04/13/2022   577.18USD2013 WGCFNRL00018901 04/13/2022 1 04/13/2022 Books like text book referance book